[Event "Torre ENTEL PCS"]
[Site "Santiago CHI"]
[Date "2006.03.25"]
[Round "4"]
[White "Flores Rios,M"]
[Black "Granda Zuniga,J"]
[Result "0-1"]
[WhiteElo "2332"]
[BlackElo "2631"]

1.e4 c5 2.Nf3 e6 3.d4 cxd4 4.Nxd4 a6 5.c4 Nf6 6.Nc3 d6 7.Be2 Be7 8.O-O O-O
9.Be3 b6 10.Rc1 Bb7 11.f3 Nbd7 12.Qd2 Rc8 13.Rfd1 Qc7 14.a3 Qb8 15.b4 Bd8
16.Kh1 Bc7 17.Bg1 Rfd8 18.Rc2 Nf8 19.Na4 Ng6 20.b5 Qa8 21.bxa6 Bxa6 22.Nc3 Nd7
23.Ndb5 Bb8 24.Nxd6 Ndf8 25.c5 bxc5 26.Nxc8 Rxd2 27.Rcxd2 Bxc8 28.Rd8 Be5
29.Nb5 Bf6 30.Re8 Qc6 31.Nd6 Ba6 32.Bxa6 Qxa6 33.Bxc5 Be7 34.Rb8 Nf4 35.Re8 Qa4
36.Rb1 Qc2  0-1

[Event "Torre ENTEL PCS"]
[Site "Santiago CHI"]
[Date "2006.03.26"]
[Round "6"]
[White "Arancibia,E"]
[Black "Granda Zuniga,J"]
[Result "0-1"]
[WhiteElo "2409"]
[BlackElo "2631"]

1.Nf3 Nf6 2.c4 e6 3.g3 b6 4.Bg2 Bb7 5.O-O c5 6.Nc3 Be7 7.Re1 d5 8.cxd5 Nxd5
9.e4 Nxc3 10.bxc3 Nc6 11.d4 Na5 12.Ne5 O-O 13.d5 Bf6 14.f4 exd5 15.exd5 Re8
16.Qd3 Qd6 17.Bb2 Bxe5 18.fxe5 Rxe5 19.c4 Rxe1+ 20.Rxe1 Ba6 21.Qc3 f6 22.Re6 Qf8
23.Bf1 Bc8 24.Re1 Bf5 25.Qf3 Bg6 26.Qf4 Re8 27.Bc3 Nb7 28.Qc7 Rxe1 29.Bxe1 Qf7
30.Qc6 Qe7 31.Bd2 Be8 32.Qc8 Nd6 33.Qb8 g5 34.a4 Kg7 35.a5 bxa5 36.Qb2 a4
37.Qa3 Nf5 38.Bd3 Nd4 39.Kf2 Bg6 40.Be3 Bxd3 41.Qxd3 Qe5 42.Qb1 a3 43.Qb7+ Kg6
44.Qxa7 Qf5+ 45.Ke1 Qb1+  0-1

[Event "Torre ENTEL PCS"]
[Site "Santiago CHI"]
[Date "2006.03.27"]
[Round "8"]
[White "Cordova,Em"]
[Black "Granda Zuniga,J"]
[Result "0-1"]
[WhiteElo "2440"]
[BlackElo "2631"]

1.d4 Nf6 2.Bg5 c5 3.d5 Qb6 4.Nc3 Qxb2 5.Bd2 Qb6 6.e4 d6 7.f4 e6 8.Rb1 Qc7
9.Bb5+ Nbd7 10.dxe6 fxe6 11.Nf3 a6 12.Bc4 Nb6 13.Rxb6 Qxb6 14.e5 dxe5 15.fxe5 Ng4
16.h3 Nh6 17.Bxh6 gxh6 18.O-O Bd7 19.Qe2 Be7 20.Rb1 Qc7 21.Ne4 O-O 22.Nd6 b5
23.Bd3 Bc6 24.Be4 Rad8 25.Bxc6 Qxc6 26.Ne4 Rf4 27.Re1 c4 28.Qe3 Rxe4 29.Qxe4 Qxe4
30.Rxe4 Rd1+ 31.Re1 Rxe1+ 32.Nxe1 Bb4 33.Nf3 Bc3 34.Kf2 a5 35.Ke2 a4 36.Kd1 a3
37.g4 Kg7 38.h4 h5 39.gxh5 h6 40.Kc1 Kf7 41.Kd1 Ke7 42.Kc1 Kd7 43.Kb1 Kc6
44.Ng5 hxg5 45.hxg5 Bxe5  0-1

[Event "Torre ENTEL PCS"]
[Site "Santiago CHI"]
[Date "2006.03.28"]
[Round "9"]
[White "Granda Zuniga,J"]
[Black "Felgaer,R"]
[Result "1/2-1/2"]
[WhiteElo "2631"]
[BlackElo "2607"]

1.Nf3 c5 2.c4 g6 3.g3 Bg7 4.Bg2 Nc6 5.Nc3 d6 6.d3 e5 7.h4 h6 8.Nh2 Nf6 9.e4 a6
10.Be3 Rb8 11.Qd2 Nd4 12.O-O b5 13.b3 Qa5 14.Rac1 h5 15.f4 Ng4 16.Nxg4 Bxg4
17.Rf2 O-O 18.Kh2 bxc4 19.dxc4 f5 20.Rcf1 Rbe8 21.fxe5 Bxe5 22.Bf4 Kh7 23.Qd3 Qd8
24.Nd5 Bg7 25.Ne3 Qe7 26.exf5 Bxf5 27.Nxf5 Rxf5 28.Bh3 Rff8 29.Bd2 Rxf2+
30.Rxf2 Rf8 31.Qf1 Rxf2+ 32.Qxf2 Be5 33.Bg5 Qg7 34.Kh1 Qg8 35.g4 Qe6 36.Qg2 hxg4
37.Bxg4 Nf5 38.Qf3 Bd4 39.h5 Qe5 40.Bxf5 gxf5 41.Kg2 Qe6 42.Kf1 Bg7 43.Qd5 Qxd5
44.cxd5 Bb2 45.Be7 f4 46.Bf8 Kg8 47.Be7 Kh7 48.Ke2 Kh6 49.Kf3 Be5 50.Bd8 Kxh5
51.Be7 Kg6 52.Bh4 Kf7 53.Bg5 Ke8 54.Bh4 Kd7 55.Bg5 Kc7 56.a4 Kd7 57.Bh4 Ke8
58.Bg5 Kf7 59.Bh4 Kg6 60.Be7 Kf7 61.Bh4 Kg6  1/2-1/2

[Event "Torre ENTEL PCS"]
[Site "Santiago CHI"]
[Date "2006.03.28"]
[Round "10"]
[White "Rojas,L"]
[Black "Granda Zuniga,J"]
[Result "0-1"]
[WhiteElo "2423"]
[BlackElo "2631"]

1.e4 c5 2.Nf3 d6 3.d4 cxd4 4.Nxd4 Nf6 5.Nc3 a6 6.Bc4 e6 7.Bb3 Be7 8.f4 O-O
9.O-O Nbd7 10.f5 Nc5 11.fxe6 fxe6 12.Nf5 Bd7 13.Bg5 Bc6 14.Qd4 Nxb3 15.Nxe7+ Qxe7
16.axb3 e5 17.Qd3 Qe6 18.Bxf6 Rxf6 19.Rxf6 Qxf6 20.Nd5 Qh4 21.g3 Qd8 22.Rd1 b5
23.b4 Ra7 24.c4 Rf7 25.c5 Qf8 26.Qc2 h5 27.cxd6 Qxd6 28.Qc5 Qe6 29.Rf1 Rxf1+
30.Kxf1 Kh7 31.Qc2 Be8 32.Nc7 Qf6+ 33.Qf2 Bc6 34.Nd5 Qg6 35.Qe2 Be8 36.Kg2 Qc6
37.h4 Bf7 38.Qd3 Bg6 39.Nc3 Qb6 40.Nd5 Qe6 41.Kh2 Qc6 42.Qc3 Qe6 43.Qe3 Qc8
44.Qe2 Qc6 45.Nc3 Qb6 46.Qd2 Qf6 47.Kg2 Qf8 48.Qe2 Qxb4 49.g4 hxg4 50.Kg3 Qb3
51.Kxg4 Qf7  0-1

[Event "II Open"]
[Site "Sort ESP"]
[Date "2006.06.26"]
[Round "1"]
[White "Singh,G"]
[Black "Granda Zuniga,J"]
[Result "0-1"]
[WhiteElo "2273"]
[BlackElo "2631"]

1.e4 c5 2.Nf3 e6 3.d4 cxd4 4.Nxd4 a6 5.Bd3 Nf6 6.O-O d6 7.c4 Be7 8.Nc3 O-O
9.b3 b6 10.Qe2 Bb7 11.Bb2 Nc6 12.Nxc6 Bxc6 13.Rfe1 Nd7 14.Nd5 Bg5 15.f4 Bh6
16.Nb4 Bb7 17.g3 Qc7 18.Nc2 Nc5 19.Nd4 g6 20.Bc2 e5 21.fxe5 dxe5 22.Nf3 Bg7
23.Nd2 Rae8 24.Nb1 Ne6 25.Nc3 Nd4 26.Qg2 Qc5 27.Kh1 Nxc2 28.Qxc2 f5 29.Bc1 fxe4
30.Be3 Qc8 31.Rad1 b5 32.Nd5 bxc4 33.bxc4 Qg4 34.Bc5 Rf7 35.Rxe4 Qf3+ 36.Kg1 Bc8
37.Re3 Qh5 38.Ne7+ Rfxe7 39.Bxe7 Bf5 40.Qb3 Rxe7 41.Rd8+ Bf8 42.Qb8 Rf7 43.Rxe5 Bh3  0-1

[Event "II Open"]
[Site "Sort ESP"]
[Date "2006.06.27"]
[Round "2"]
[White "Granda Zuniga,J"]
[Black "Sareen,V"]
[Result "1/2-1/2"]
[WhiteElo "2631"]
[BlackElo "2386"]

1.Nf3 d5 2.g3 Nf6 3.Bg2 g6 4.c4 Bg7 5.cxd5 Nxd5 6.d4 Nb6 7.Nc3 Nc6 8.e3 e5
9.d5 Nb4 10.e4 c6 11.a3 Na6 12.Bg5 f6 13.Be3 Nc4 14.dxc6 Nxe3 15.fxe3 bxc6
16.Na4 Qxd1+ 17.Rxd1 Bf8 18.Rc1 Bd7 19.Nd2 Rb8 20.Bf1 Nc7 21.Be2 Ne6 22.O-O Be7
23.Nc4 Rf8 24.Rfd1 Nc5 25.Nxc5 Bxc5 26.b4 Bb6 27.Rd3 Ke7 28.Rdc3 Rfd8 29.Kf2 Bc7
30.Nd2 Bb6 31.Nb3 Be8 32.Ba6 Rd6 33.Ke2 Bd7 34.Rd3 Bg4+ 35.Kd2 Rbd8 36.Nc5 Bxc5
37.bxc5 Rxd3+ 38.Bxd3 Rb8 39.Rb1 Rxb1 40.Bxb1 Kd7  1/2-1/2

[Event "II Open"]
[Site "Sort ESP"]
[Date "2006.06.29"]
[Round "4"]
[White "Granda Zuniga,J"]
[Black "Babaev,Ra"]
[Result "1-0"]
[WhiteElo "2631"]
[BlackElo "2481"]

1.d4 Nf6 2.c4 g6 3.Nc3 Bg7 4.g3 O-O 5.Bg2 d6 6.Nf3 Nc6 7.O-O Bg4 8.d5 Na5
9.Nd2 c5 10.Rb1 a6 11.b3 Rb8 12.Bb2 b5 13.Qc2 e5 14.dxe6 Bxe6 15.cxb5 axb5
16.Nce4 Nd5 17.Bxg7 Kxg7 18.Qb2+ Kg8 19.Nf3 Bf5 20.Nfg5 h6 21.Rbd1 hxg5 22.Rxd5 Bxe4
23.Bxe4 Nc6 24.Qd2 Qe7 25.Bg2 g4 26.e3 Rfd8 27.Rd1 Qe6 28.a3 Rd7 29.b4 Rdd8
30.Qc2 c4 31.Rxb5 Rxb5 32.Bxc6 Rh5 33.e4 Qf6 34.Qxc4 Qh8 35.Qd4 Qh6 36.Qf6 Rf8
37.h4 gxh3 38.Kh2 Re5 39.Rxd6 Qc1 40.Qxe5 Qf1 41.Rxg6+  1-0

[Event "II Open"]
[Site "Sort ESP"]
[Date "2006.07.01"]
[Round "6"]
[White "Castellanos,R"]
[Black "Granda Zuniga,J"]
[Result "0-1"]
[WhiteElo "2467"]
[BlackElo "2631"]

1.e4 c5 2.Nf3 Nc6 3.Bb5 g6 4.Bxc6 bxc6 5.O-O Bg7 6.Re1 Nh6 7.c3 O-O 8.d4 cxd4
9.cxd4 d6 10.h3 f6 11.Nc3 Nf7 12.b3 e5 13.Be3 Bb7 14.Qc2 Qc8 15.Rad1 h6 16.Re2 Kh7
17.Red2 Re8 18.a3 Qe6 19.dxe5 fxe5 20.Na4 a5 21.Ne1 c5 22.Nb6 Ra6 23.Nd5 Rc8
24.Qc4 Qe8 25.Nc3 Raa8 26.Qe2 Ba6 27.Qg4 Rab8 28.Rb1 Rc7 29.Nd5 Rcb7 30.Rdb2 Bc4
31.bxc4 Rxb2 32.Rxb2 Rxb2 33.Nf3 Rb7 34.h4 Qd7 35.Qg3 h5 36.Ng5+ Nxg5 37.Qxg5 Qg4
38.Qd8 Qxe4 39.Bg5 Qe1+ 40.Kh2 Qxf2 41.Qxd6 Rb2 42.Ne3 Qf8 43.Qe6 a4 44.Qc6 e4
45.Qxe4 Qd6+ 46.Kh3 Qe5 47.Qc6 Rb3  0-1

[Event "II Open"]
[Site "Sort ESP"]
[Date "2006.07.03"]
[Round "8"]
[White "Granda Zuniga,J"]
[Black "Kogan,Ar"]
[Result "1-0"]
[WhiteElo "2631"]
[BlackElo "2563"]

1.d4 Nf6 2.c4 e6 3.Nc3 Bb4 4.e3 d5 5.Bd3 c5 6.a3 Bxc3+ 7.bxc3 dxc4 8.Bxc4 O-O
9.Ne2 Qc7 10.Ba2 b6 11.Bb2 Ba6 12.O-O Nbd7 13.f3 Rfd8 14.Rf2 Rac8 15.Qe1 Qb8
16.Rd1 cxd4 17.cxd4 Bc4 18.Bb1 Bb3 19.Rc1 b5 20.Rxc8 Rxc8 21.Nc1 Ba4 22.Nd3 Nd5
23.e4 Nf4 24.Nb4 a5 25.Na2 Qb6 26.Qd2 Ng6 27.Bc3 Ra8 28.Nc1 Ne7 29.Ba2 Rc8
30.Nd3 Qd6 31.Qb2 e5 32.Nxe5 Nxe5 33.dxe5 Qd1+ 34.Rf1 Qd3 35.Rc1 b4 36.Bd2 Rxc1+
37.Bxc1 b3 38.Bb1 Qd1+ 39.Kf2 Nc6 40.Qd2 Qxd2+ 41.Bxd2 Nxe5 42.Bxa5 Bb5 43.Bc3 Nc4
44.Bd3 Nxa3 45.Ke3 Nc4+ 46.Kd4 Nd6 47.Bxb5 Nxb5+ 48.Kc4 Nd6+ 49.Kxb3 f6 50.Bb4 Ne8
51.Kc4 Kf7 52.f4 g6 53.f5 gxf5 54.exf5 Ng7 55.g4 h5 56.h3 hxg4 57.hxg4 Ne8
58.Kd5 Kg7 59.Kc6 Kh6 60.Bd2+ Kg7 61.Kd7 Kf8 62.Bf4 Kf7 63.Bh6  1-0

[Event "II Open"]
[Site "Sort ESP"]
[Date "2006.07.04"]
[Round "9"]
[White "Granda Zuniga,J"]
[Black "Mirzoev,A"]
[Result "1/2-1/2"]
[WhiteElo "2631"]
[BlackElo "2532"]

1.Nf3 Nf6 2.g3 d5 3.Bg2 c6 4.O-O Bf5 5.b3 e6 6.Bb2 h6 7.d4 Nbd7 8.Nbd2 Be7
9.c4 O-O 10.Ne5 Bh7 11.Ndf3 Nxe5 12.Nxe5 Nd7 13.Nxd7 Qxd7  1/2-1/2

[Event "XI Open"]
[Site "Balaguer ESP"]
[Date "2006.07.21"]
[Round "5"]
[White "Arribas,M"]
[Black "Granda Zuniga,J"]
[Result "0-1"]
[WhiteElo "2283"]
[BlackElo "2634"]

1.e4 c5 2.Nf3 Nc6 3.Bb5 g6 4.O-O Bg7 5.d3 Nf6 6.Nc3 O-O 7.Bxc6 bxc6 8.Be3 d6
9.h3 Nd7 10.Qd2 f5 11.Ng5 Nb6 12.exf5 Bxf5 13.f4 Nd5 14.Nxd5 cxd5 15.d4 e5
16.fxe5 cxd4 17.Bxd4 dxe5 18.Bc5 Rf6 19.c3 Rc6 20.Be3 d4 21.cxd4 exd4 22.Bf4 Rc2
23.Qb4 Qd5 24.Rf2 d3 25.Be3 a5 26.Qe7 Rxf2 27.Bxf2 h6 28.Nf3 Rc8 29.Rd1 Bxb2
30.Ne1 d2 31.Nf3 Rc1 32.Qe2 Bc2 33.Qe8+ Kh7  0-1

[Event "XI Open"]
[Site "Balaguer ESP"]
[Date "2006.07.22"]
[Round "6"]
[White "Granda Zuniga,J"]
[Black "Pogorelov,R"]
[Result "1-0"]
[WhiteElo "2634"]
[BlackElo "2395"]

1.d4 Nf6 2.c4 e6 3.Nc3 Bb4 4.Qc2 O-O 5.a3 Bxc3+ 6.Qxc3 b6 7.Nf3 Ne4 8.Qc2 Bb7
9.g3 f5 10.Bg2 Nf6 11.b4 a5 12.b5 Be4 13.Qc3 d6 14.a4 Nbd7 15.O-O Re8 16.Ba3 Rc8
17.Rfc1 c5 18.bxc6 Rxc6 19.Bf1 Qb8 20.Nd2 Rcc8 21.Nxe4 fxe4 22.Rab1 Qc7 23.Rb5 e5
24.Bh3 Rb8 25.e3 exd4 26.exd4 Kh8 27.Qe3 Nf8 28.Bf1 Ne6 29.Be2 h6 30.h4 Qd7
31.Rcb1 Qc7 32.Bc1 Rf8 33.Bd2 Rfe8 34.R1b3 Kh7 35.g4 Kg8 36.g5 hxg5 37.hxg5 Nh7
38.Bf1 Nef8 39.Qg3 Ng6 40.c5 bxc5 41.Bxa5 Qa7 42.Qxd6 Rxb5 43.Bc4+ Kh8 44.Qxg6 Qd7
45.Bxb5 Qg4+ 46.Rg3 Qd1+ 47.Kg2 Rf8 48.Qxe4  1-0

[Event "XI Open"]
[Site "Balaguer ESP"]
[Date "2006.07.25"]
[Round "9"]
[White "Movsziszian,K"]
[Black "Granda Zuniga,J"]
[Result "0-1"]
[WhiteElo "2507"]
[BlackElo "2634"]

1.Nf3 d5 2.g3 c6 3.Bg2 Nf6 4.O-O h6 5.d3 Bf5 6.b3 e6 7.Bb2 Be7 8.Nbd2 O-O
9.Qe1 Bh7 10.e4 a5 11.a4 Na6 12.Qe2 Qb6 13.Kh1 Nb4 14.e5 Nd7 15.Ne1 Qa6 16.f4 Nc5
17.Bd4 Nd7 18.Bb2 c5 19.c4 Nb6 20.g4 Bh4 21.Ndf3 Bxe1 22.Nxe1 Rfe8 23.Rf3 Rad8
24.Rh3 Nd7 25.g5 Bf5 26.gxh6 Bxh3 27.Bxh3 g6 28.Qf2 dxc4 29.bxc4 Nf8 30.Ra3 Qb6
31.Bg2 Nc6 32.Nf3 Nb4 33.Ne1 Qc7 34.Be4 Qe7 35.Nf3 Rd7 36.h4 Red8 37.Qe2 Nh7
38.h5 Qf8 39.hxg6 Qxh6+ 40.Nh2 fxg6 41.Qg4 Nf8 42.d4 Rh7 43.Qg3 cxd4 44.Bc1 d3
45.Bd2 Rd4 46.Bxb7 Rxb7  0-1

[Event "VII Open"]
[Site "Tarragona ESP"]
[Date "2006.08.19"]
[Round "1"]
[White "Granda Zuniga,J"]
[Black "Perez Pacheco,V"]
[Result "1-0"]
[WhiteElo "2634"]
[BlackElo "1989"]

1.Nf3 d5 2.c4 c6 3.b3 Nf6 4.Bb2 Bf5 5.d3 e6 6.Nbd2 Nbd7 7.Nh4 Bg6 8.Nxg6 hxg6
9.e3 Bd6 10.Be2 Qc7 11.g3 dxc4 12.bxc4 c5 13.O-O O-O-O 14.Qa4 Rh3 15.Bxf6 Nxf6
16.Qxa7 Rdh8 17.Bf3 Rxh2 18.Rfb1 b6 19.Qa6+ Kd8 20.Nf1 R2h3 21.Rxb6 Be5 22.Rab1 Nd7
23.Rc6 Nb8 24.Qa8  1-0

[Event "VII Open"]
[Site "Tarragona ESP"]
[Date "2006.08.21"]
[Round "3"]
[White "Granda Zuniga,J"]
[Black "Munoz Pantoja,M"]
[Result "1-0"]
[WhiteElo "2634"]
[BlackElo "2473"]

1.Nf3 Nf6 2.g3 c5 3.Bg2 Nc6 4.c4 g6 5.d4 Bg7 6.O-O O-O 7.Nc3 d6 8.dxc5 dxc5
9.Be3 Qa5 10.Qa4 Qxa4 11.Nxa4 b6 12.Rad1 Bb7 13.Ne5 Nxe5 14.Bxb7 Rab8 15.Bf4 Nh5
16.Bxe5 Bxe5 17.Bf3 Nf6 18.Rd3 Rfd8 19.Rfd1 Rxd3 20.Rxd3 Kf8 21.e3 e6 22.Be2 Ke7
23.f4 Bc7 24.Nc3 a6 25.b3 Ne8 26.a4 Nd6 27.Bf3 f5 28.Kg2 Rg8 29.e4 fxe4 30.Nxe4 Nxe4
31.Bxe4 a5 32.h4 Rf8 33.Rf3 Rd8 34.Rd3 Rf8 35.Bc6 Bd6 36.Kh3 Rc8 37.Be4 Rf8
38.Kg4 e5 39.f5 gxf5+ 40.Bxf5 h6 41.Bg6 Rf1 42.Re3 Kf6 43.Be4 Kg7 44.Bf3 Kg6
45.Rd3 Be7 46.Bc6 Kf6 47.Rd2 Ke6 48.Bg2 Re1 49.Bd5+ Kd7 50.Rd3 Bd6 51.Kf5 Rg1
52.g4 Rf1+ 53.Kg6 Rf4 54.Kh5 Bf8 55.Re3 Bg7 56.g5 hxg5 57.hxg5 Ke7 58.Kg6 Kf8
59.Be4 Rh4 60.Bf5 Rd4 61.Be4 Kg8 62.Bd5+ Kf8 63.Rh3 e4 64.Re3 Bh8 65.Bxe4 Rd6+
66.Kh7 Bd4 67.Rf3+ Ke7 68.Bd5 Rd8 69.Rf7+ Kd6 70.Rb7 Ke5 71.g6  1-0

[Event "VII Open"]
[Site "Tarragona ESP"]
[Date "2006.08.23"]
[Round "5"]
[White "Granda Zuniga,J"]
[Black "Dzhumaev,M"]
[Result "1/2-1/2"]
[WhiteElo "2634"]
[BlackElo "2509"]

1.e4 g6 2.d4 Bg7 3.c3 Nf6 4.Bd3 O-O 5.Nf3 d5 6.e5 Ne4 7.Ng1 f6 8.f3 Ng5 9.Bxg5 fxg5
10.b4 b6 11.Ne2 c5 12.Qd2 e6 13.O-O Nc6 14.Na3 Bd7 15.Ba6 Rb8 16.Rab1 cxd4
17.cxd4 b5 18.Kh1 Nxe5 19.dxe5 Qb6 20.Bxb5 Bxb5 21.Nxb5 Qxb5 22.Nd4 Qb6 23.Rfe1 Rbc8
24.a3 Rc4 25.Rbd1 Rf4 26.Ne2 Rf5 27.Ng3 Rxe5 28.Rxe5 Bxe5 29.Qxg5 Bf4 30.Qe7 Qd6
31.Qxa7 Bxg3 32.hxg3 Qxg3 33.Qe7 Qe5 34.b5 Qe2 35.Rb1 Qe3 36.b6 Qh6+ 37.Kg1 Qe3+
38.Kh1 Qh6+ 39.Kg1 Qe3+ 40.Kh1  1/2-1/2

[Event "VII Open"]
[Site "Tarragona ESP"]
[Date "2006.08.24"]
[Round "6"]
[White "Movsziszian,K"]
[Black "Granda Zuniga,J"]
[Result "1/2-1/2"]
[WhiteElo "2507"]
[BlackElo "2634"]

1.e4 e5 2.Nf3 Nc6 3.Bb5 Nf6 4.d3 d6 5.c3 g6 6.Nbd2 Bg7 7.Nf1 O-O 8.Ng3 a6
9.Ba4 b5 10.Bc2 d5 11.O-O Re8 12.h3 Bb7 13.a4 Nb8 14.Be3 Nbd7 15.b4 Qc8 16.Qb1 c5
17.bxc5 dxe4 18.dxe4 Nxc5 19.axb5 axb5 20.Rxa8 Bxa8 21.Nd2 Qc6 22.Qb4 Bf8
23.Rb1 Rb8 24.Qa5 Nfd7 25.f3 Nb7 26.Qxb5 Qxc3 27.Qb3 Qxe3+ 28.Qxe3 Bc5 29.Ngf1 Bxe3+
30.Nxe3 Nbc5 31.Rxb8+ Nxb8 32.Bb3 Kg7 33.Bd5 Bxd5 34.Nxd5  1/2-1/2

[Event "VII Open"]
[Site "Tarragona ESP"]
[Date "2006.08.25"]
[Round "7"]
[White "Granda Zuniga,J"]
[Black "Gruenfeld,Y"]
[Result "1-0"]
[WhiteElo "2634"]
[BlackElo "2478"]

1.d4 Nf6 2.c4 e6 3.Nc3 c5 4.d5 exd5 5.cxd5 d6 6.Nf3 g6 7.g3 Bg7 8.Bg2 O-O
9.O-O Re8 10.Nd2 Nbd7 11.h3 a6 12.a4 Rb8 13.Nc4 Ne5 14.Na3 Nh5 15.e4 f5 16.exf5 Bxf5
17.g4 Bxg4 18.hxg4 Qh4 19.gxh5 Ng4 20.Bf4 Be5 21.Qf3 Nh2 22.Qg3 Qxf4 23.Qxf4 Bxf4
24.Rfe1 Ng4 25.hxg6 hxg6 26.Re6 Kg7 27.Rae1 Rf8 28.R1e2 Nh6 29.a5 Nf5 30.R2e4 Nd4
31.Re7+ Kh6 32.Nc4  1-0

[Event "Magistral Barcelona Casino"]
[Site "Barcelona ESP"]
[Date "2006.10.19"]
[Round "1"]
[White "Granda Zuniga,J"]
[Black "Timman,J"]
[Result "1/2-1/2"]
[WhiteElo "2646"]
[BlackElo "2565"]

1.d4 d5 2.c4 c6 3.Nf3 Nf6 4.e3 g6 5.b3 Bg7 6.Bb2 O-O 7.Bd3 Ne4 8.O-O Bf5
9.Nc3 Nxc3 10.Bxc3 e6 11.Bxf5 exf5 12.Rc1 Re8 13.Ne1 Nd7 14.cxd5 cxd5 15.Bb4 f4
16.exf4 Re4 17.Nf3 Rxf4 18.Bd6 Re4 19.Rc7 Nf8 20.Bg3 Re7 21.Rc2 Re4 22.Rc7 Re7
23.Rc2 Re4 24.Rc7  1/2-1/2

[Event "Magistral Barcelona Casino"]
[Site "Barcelona ESP"]
[Date "2006.10.24"]
[Round "6"]
[White "Granda Zuniga,J"]
[Black "Dominguez,L"]
[Result "0-1"]
[WhiteElo "2646"]
[BlackElo "2655"]

1.Nf3 c5 2.c4 Nc6 3.Nc3 e5 4.g3 g6 5.Bg2 Bg7 6.O-O d6 7.a3 a5 8.Ne1 Be6 9.d3 Nge7
10.Nc2 d5 11.Bg5 f6 12.cxd5 Nxd5 13.Bd2 O-O 14.Ne3 Nde7 15.Nc4 Rb8 16.Nb5 f5
17.Rc1 b6 18.b4 axb4 19.axb4 Qd7 20.bxc5 bxc5 21.Nc3 Nd4 22.Rb1 Rxb1 23.Nxb1 e4
24.Be3 Bxc4 25.dxc4 Qe6 26.Nd2 Nec6 27.Re1 Nb4 28.Qa4 Ndc2 29.Bxc5 Nxe1 30.Qxb4 Rc8
31.Bh3 Nc2 32.Qb6 Qxb6 33.Bxb6 Bd4 34.Bxd4 Nxd4 35.Nxe4 Rxc4 36.e3 Nf3+ 37.Kg2 Ne1+
38.Kf1 Rc1 39.Nf6+ Kf7 40.Nd5 Nf3+ 41.Ke2 Nxh2  0-1

[Event "Magistral Barcelona Casino"]
[Site "Barcelona ESP"]
[Date "2006.10.26"]
[Round "8"]
[White "Granda Zuniga,J"]
[Black "Lopez Martinez,J"]
[Result "1-0"]
[WhiteElo "2646"]
[BlackElo "2508"]

1.Nf3 Nf6 2.c4 c6 3.d4 d5 4.e3 Bf5 5.Nc3 e6 6.Nh4 Be4 7.f3 Bg6 8.Bd2 Nbd7
9.Qb3 Qb6 10.O-O-O Be7 11.g4 O-O-O 12.c5 Qxb3 13.axb3 Ne8 14.Be1 Nc7 15.b4 a6
16.Ne2 Rde8 17.Nxg6 hxg6 18.f4 Nf6 19.g5 Ng4 20.Kd2 Nxh2 21.Bg2 f5 22.Nc1 Ng4
23.Nd3 Rh5 24.Bg3 Reh8 25.Rhg1 e5 26.dxe5 R5h7 27.Bf3 Nh2 28.Be2 Ne6 29.Ra1 Kd7
30.Nf2 Bd8 31.Kc3 Bc7 32.Rg2 a5 33.Rh1 Ng4 34.Rxh7 axb4+ 35.Kxb4 Rxh7 36.Nxg4 fxg4
37.Bxg4 Ke7 38.Rg1 Rh8 39.Ra1 Bb8 40.Be1 Re8 41.Bc3 Rh8 42.Bxe6 Kxe6 43.Ra8 Rd8
44.Ka4 Rf8 45.b4 Rd8 46.b5 Rc8 47.Ba5 d4 48.exd4 Kd5 49.Bb6  1-0

[Event "Magistral Barcelona Casino"]
[Site "Barcelona ESP"]
[Date "2006.10.27"]
[Round "9"]
[White "Lacasa Diaz,J"]
[Black "Granda Zuniga,J"]
[Result "0-1"]
[WhiteElo "2410"]
[BlackElo "2646"]

1.e4 e5 2.Nf3 Nc6 3.Bb5 Nf6 4.O-O Nxe4 5.d4 Nd6 6.dxe5 Nxb5 7.a4 d6 8.e6 fxe6
9.axb5 Ne7 10.Nc3 Ng6 11.Qd4 h6 12.Re1 Kf7 13.b6 cxb6 14.Nd5 e5 15.Qe4 Be7
16.h4 Bxh4 17.Be3 Be6 18.Nxb6 d5 19.Nxe5+ Nxe5 20.Qxe5 Bf6 21.Qh5+ g6 22.Qh2 axb6
23.Rxa8 Qxa8 24.Qc7+ Kg8 25.Qd6 Qc8 26.Bd4 Bxd4 27.Rxe6 Qf8 28.Rxg6+ Kh7  0-1

[Event "VII Rapid"]
[Site "El Sauzal ESP"]
[Date "2006.11.04"]
[Round "2"]
[White "Medina Plasencia,S"]
[Black "Granda Zuniga,J"]
[Result "0-1"]
[WhiteElo "2056"]
[BlackElo "2646"]

1.e4 c5 2.Nc3 Nc6 3.f4 e6 4.Nf3 d5 5.Bb5 Ne7 6.d4 cxd4 7.Nxd4 a6 8.Be2 Nxd4
9.Qxd4 Nc6 10.Qf2 d4 11.Nb1 Bc5 12.Bd3 O-O 13.Nd2 Nb4 14.O-O Bd7 15.Nf3 Rc8
16.Qe2 Ba4 17.b3 Bb5 18.Bb2 Bb6 19.Rfc1 Rxc2 20.Rxc2 Bxd3  0-1

[Event "VII Rapid"]
[Site "El Sauzal ESP"]
[Date "2006.11.04"]
[Round "3"]
[White "Granda Zuniga,J"]
[Black "Vega Gutierrez,S"]
[Result "1-0"]
[WhiteElo "2646"]
[BlackElo "2299"]

1.d4 d5 2.Nf3 c6 3.Bf4 Bg4 4.Nbd2 Nf6 5.c4 e6 6.Qb3 Qb6 7.c5 Qxb3 8.axb3 Nfd7
9.e3 f6 10.b4 Kf7 11.Be2 h5 12.h4 Be7 13.O-O e5 14.dxe5 fxe5 15.Bxe5 Bxh4
16.Bd4 Bf6 17.Nb3 Rc8 18.Rfe1 Kg8 19.e4 dxe4 20.Bc4+ Kf8 21.Rxe4 Re8 22.Rf4 Re7
23.Nh4 Ke8 24.Ng6 Be6 25.Bxf6 gxf6 26.Re1 Ne5 27.Nxe7 Bxc4 28.Ng6 Bxb3 29.Rxf6  1-0

[Event "VII Rapid"]
[Site "El Sauzal ESP"]
[Date "2006.11.04"]
[Round "4"]
[White "Meijers,V"]
[Black "Granda Zuniga,J"]
[Result "0-1"]
[WhiteElo "2465"]
[BlackElo "2646"]

1.e4 e5 2.Nf3 Nc6 3.Bb5 Nf6 4.Qe2 d6 5.d4 Bd7 6.Bxc6 Bxc6 7.dxe5 Nxe4 8.Nbd2 Nxd2
9.Bxd2 Be7 10.O-O-O O-O 11.Nd4 Bd7 12.Rhe1 dxe5 13.Qxe5 Re8 14.Qg3 Bf6 15.Be3 Qc8
16.Nb3 b6 17.Bd4 Bxd4 18.Nxd4 c5 19.Nf3 Bf5 20.Qf4 Bg6  0-1

[Event "VII Rapid"]
[Site "El Sauzal ESP"]
[Date "2006.11.04"]
[Round "5"]
[White "Granda Zuniga,J"]
[Black "Rivas Pastor,M"]
[Result "1-0"]
[WhiteElo "2646"]
[BlackElo "2511"]

1.d4 Nf6 2.c4 e6 3.Nc3 d5 4.cxd5 exd5 5.Bg5 c6 6.Qc2 Be7 7.e3 O-O 8.Bd3 Nbd7
9.Nge2 Re8 10.O-O Nf8 11.Rae1 Nh5 12.Bxe7 Qxe7 13.Ng3 Nxg3 14.hxg3 Bg4 15.e4 dxe4
16.Rxe4 Qd7 17.d5 Rxe4 18.dxc6 bxc6 19.Bxe4 Rc8 20.Rc1 c5 21.Nd5 Be6 22.Nf4 g6
23.b3 a5 24.Rd1 Qc7 25.Qc3 c4 26.Rc1 Qc5 27.Nxe6 Nxe6 28.Qxc4 Qxc4 29.Rxc4  1-0

[Event "1st ch-Iberoamericano GpB"]
[Site "Ayamonte ESP"]
[Date "2006.11.05"]
[Round "2"]
[White "Granda Zuniga,J"]
[Black "De la Riva Aguado,O"]
[Result "0-1"]
[WhiteElo "2646"]
[BlackElo "2524"]

1.d4 d5 2.c4 c6 3.Nf3 Nf6 4.Nc3 a6 5.c5 Bf5 6.Qb3 Qc8 7.h3 Nbd7 8.Bf4 h6
9.g4 Bg6 10.Na4 Be4 11.Rg1 e6 12.h4 Be7 13.g5 hxg5 14.hxg5 Nh5 15.Bh2 Bxf3
16.exf3 g6 17.Be5 Nxe5 18.dxe5 Qc7 19.Qc3 d4 20.Qxd4 Qa5+ 21.Nc3 Bxc5 22.Qc4 O-O-O
23.Rg4 Ba7 24.Re4 Qb6 25.Qe2 Ng7  0-1

[Event "VII Rapid"]
[Site "El Sauzal ESP"]
[Date "2006.11.05"]
[Round "9"]
[White "Mogranzini,R"]
[Black "Granda Zuniga,J"]
[Result "0-1"]
[WhiteElo "2401"]
[BlackElo "2646"]

1.e4 e5 2.Nf3 Nc6 3.Bb5 Nf6 4.d3 d6 5.O-O Bd7 6.c3 g6 7.Re1 Bg7 8.Nbd2 O-O
9.Nf1 a6 10.Ba4 b5 11.Bb3 Na5 12.Bc2 c5 13.a3 Nc6 14.b4 a5 15.Bd2 h6 16.h3 Be6
17.Bb3 axb4 18.Bxe6 bxc3 19.Bxc3 fxe6 20.Qb3 Qd7 21.Qxb5 Nd4 22.Qxd7 Nxd7
23.Bxd4 cxd4 24.N1d2 Nc5 25.Nc4 Nxd3 26.Red1 Nf4 27.Nxd6 Ne2+ 28.Kf1 Nc3
29.Re1 Ra4 30.Nd2 h5 31.Nb3 Rfa8 32.Nc5 Rxa3 33.Rxa3 Rxa3 34.Nc4 Ra2 35.Nxe6 d3
36.Rc1 Bh6 37.f4 Nxe4 38.Rb1 Kf7 39.Nd8+ Ke8 40.Nc6 Bxf4 41.Rb8+ Kd7 42.N6xe5+ Bxe5
43.Nxe5+ Kc7  0-1

[Event "1st ch-Iberoamericano GpB"]
[Site "Ayamonte ESP"]
[Date "2006.11.06"]
[Round "3"]
[White "Mateo,Ra"]
[Black "Granda Zuniga,J"]
[Result "0-1"]
[WhiteElo "2415"]
[BlackElo "2646"]

1.e4 e5 2.Nf3 Nc6 3.Bc4 Bc5 4.O-O Nf6 5.d3 a6 6.Be3 d6 7.Nbd2 Bxe3 8.fxe3 Na5
9.Bb3 O-O 10.Qe1 Nxb3 11.axb3 Nh5 12.Nb1 g6 13.Nc3 c6 14.Kh1 Qe7 15.Qh4 Qxh4
16.Nxh4 Be6 17.Nf3 Rad8 18.Kg1 Ng7 19.d4 f6 20.Rad1 exd4 21.exd4 d5 22.Rfe1 Rf7
23.exd5 cxd5 24.Na4 Rc7 25.c3 Rd6 26.Nc5 Bc8 27.Rd2 b6 28.Nd3 a5 29.h3 g5
30.Nf2 Kf7 31.Nd3 h6 32.Rf2 Kg6 33.Rd2 Ba6 34.Nf2 Bb5 35.Nd1 Kh7 36.Ne3 Bd7
37.g4 Be6 38.Rf2 Bf7 39.Nf5 Nxf5 40.gxf5 Kg7 41.Rfe2 Rdd7 42.Nh2 h5 43.h4 gxh4
44.Nf3 b5 45.Nxh4 b4 46.Rg2+ Kh6 47.Re3 bxc3 48.bxc3 Rb7 49.Kh2 Re7 50.Reg3 Re4
51.Ng6 Rg4 52.Rxg4 hxg4 53.Rxg4 Rxb3 54.Rg2 a4 55.Nh8 Bh5 56.Rg8 a3 57.Ng6 Kg5
58.Ne7+ Kh4 59.Ra8 Rb2+  0-1

[Event "1st ch-Iberoamericano GpB"]
[Site "Ayamonte ESP"]
[Date "2006.11.08"]
[Round "5"]
[White "Barrero Garcia,C"]
[Black "Granda Zuniga,J"]
[Result "1/2-1/2"]
[WhiteElo "2313"]
[BlackElo "2646"]

1.d4 d5 2.c4 dxc4 3.Nf3 Nf6 4.Nc3 a6 5.e4 b5 6.e5 Nd5 7.a4 Nxc3 8.bxc3 Bb7
9.Ba3 Bd5 10.g3 Nc6 11.Bc5 g6 12.Bg2 e6 13.Bxf8 Kxf8 14.h4 b4 15.cxb4 Rb8
16.O-O Rxb4 17.Qd2 Kg7 18.Rfd1 c3 19.Qd3 Rc4 20.Rac1 Nb4 21.Qe3 Na2 22.Rc2 Rxa4
23.h5 gxh5 24.Rb1 c5 25.dxc5 Be4 26.Rxa2 Bxb1 27.Rxa4 Qd1+ 28.Ne1 Qxa4 29.Qg5+ Kf8
30.c6 Qa5 31.Bh3 Ba2 32.Nd3 c2 33.Nc5 Ke8 34.Nb7 h6 35.Qf6 c1=Q+ 36.Bf1 Qc7
37.Qxh8+ Ke7 38.Qf6+ Kf8  1/2-1/2